[Event "HUN-chT2 Asztalos 1516"]
[Site "Hungary"]
[Date "2015.11.29"]
[Round "6.8"]
[White "Majnay, Peter"]
[Black "Kis Bank, Tamas"]
[Result "1-0"]
[WhiteElo "1791"]
[BlackElo "1770"]
[PlyCount "97"]
[EventDate "2015.09.13"]
[EventType "team-tourn"]
[EventRounds "11"]
[EventCountry "HUN"]
[SourceTitle "CBM 170 Extra"]
[Source "ChessBase"]
[SourceDate "2016.02.25"]
[SourceVersion "1"]
[SourceVersionDate "2016.02.25"]
[SourceQuality "1"]
[WhiteTeam "Decs 1990 II"]
[BlackTeam "Kaposvar Bastya"]
[WhiteTeamCountry "HUN"]
[BlackTeamCountry "HUN"]

1. e4 e5 2. Nf3 d6 3. d4 Bg4 4. dxe5 Bxf3 5. Qxf3 dxe5 6. Nc3 Nf6 7. Bg5 Be7 8. Rd1 Qc8 9. Qg3 Qe6 10. Nd5 Nxd5 11. exd5 Qg6 12. Qh3 Nd7 13. Bxe7 Kxe7 14. Bd3 Qf6 15. 0-0 Rae8 16. Bf5 Rd8 17. Rfe1 a6 18. Bxd7 Rxd7 19. Qg3 Re8 20. Rxe5+ Kf8 21. Qa3+ Qd6 22. Rxe8+ Kxe8 23. Qd3 g6 24. Qd4 f6 25. c4 b6 26. g3 Kf7 27. a3 a5 28. Rd3 Re7 29. Re3 Ke8 30. Kg2 Kd7 31. Qg4+ f5 32. Qg5 Rxe3 33. Qxe3 Qf6 34. b4 axb4 35. axb4 Qe7 36. Qc3 Qe2 37. h4 Qe4+ 38. Kg1 Qe7 39. c5 bxc5 40. bxc5 Qe4 41. Qg7+ Kc8 42. c6 Qxd5 43. Qh8+ Qd8 44. Qxh7 Qe8 45. h5 gxh5 46. Qxf5+ Kd8 47. Qd5+ Kc8 48. Kg2 Qh8 49. Qb5 1-0